| 000 | 00363nam a2200157Ia 4500 | ||
|---|---|---|---|
| 008 | 230524s9999 xx 000 0 und d | ||
| 082 |
_a531 _bGOL |
||
| 100 | _aHerbert Goldstein | ||
| 245 | 0 | _aClassical Mechanics | |
| 250 | _a2ND | ||
| 260 |
_aNEW DELHI _bNarosa _c2001 |
||
| 300 | _a384 | ||
| 500 | _aQuantity Number: 24 | ||
| 650 | _aMechanics | ||
| 942 | _cBK | ||
| 999 |
_c5035 _d5035 |
||